LEADER 01192nam0 22003013i 450 001 VAN00120375 005 20240806100806.645 017 70$2N$a978-3-319-22485-5 100 $a20190226d2016 |0itac50 ba 101 $aeng 102 $aCH 105 $a|||| ||||| 200 1 $aMultispectral Biometrics$eSystems and Applications$fDavid Zhang, Zhenhua Guo, Yazhuo Gong 210 $aCham: Springer$d2016 215 $axi, 229 p.$cill.$d24 cm 620 $aCH$dCham$3VANL001889 700 1$aZhang$bDavid$3VANV092483$0763056 701 1$aGong$bYazhuo$3VANV092485$0763057 701 1$aGuo$bZhenhua$3VANV092484$0691857 712 $aSpringer $3VANV108073$4650 801 $aIT$bSOL$c20240906$gRICA 856 4 $uhttps://link.springer.com/book/10.1007/978-3-319-22485-5$zE-book ? Accesso al full-text attraverso riconoscimento IP di Ateneo, proxy e/o Shibboleth 899 $aBIBLIOTECA CENTRO DI SERVIZIO SBA$2VAN15 912 $fN 912 $aVAN00120375 950 $aBIBLIOTECA CENTRO DI SERVIZIO SBA$d15CONS SBA EBOOK 3283 $e15EB 3283 20190226 996 $aMultispectral Biometrics$91547667 997 $aUNICAMPANIA LEADER 02407nam2 2200541 i 450 001 VAN00113463 005 20260211031302.428 017 70$2N$a9783319169071 100 $a20180110d2015 |0itac50 ba 101 $aeng 102 $aCH 105 $a|||| ||||| 181 $ai$b e 182 $ab 183 $acr 200 1 $aˆ4: ‰Integration and spectral theory, harmonic analysis, the garden of modular delights $foger Godement $granslated by Urmie Ray. 210 $aham $cpringer,$d015. 215 $ai, 527 p. $cll. $d4 cm 410 1$1001VAN00024506$12001 $aUniversitext$1210 $aBerlin [etc]$cSpringer$d1930- 461 1$1001VAN00302318$12001 $aAnalysis$fRoger Godement$1210 $aBerlin [etc.]$cSpringer$d2004-2015$1215 $a4 volumi$d24 cm$v4 500 1$3VAN00234886$aAnalyse mathematique IV$94553408 606 $a11Fxx$xDiscontinuous groups and automorphic forms [MSC 2020]$3VANC021451$2MF 606 $a28-XX$xMeasure and integration [MSC 2020]$3VANC019878$2MF 606 $a43-XX$xAbstract harmonic analysis [MSC 2020]$3VANC021258$2MF 606 $a46-XX$xFunctional analysis [MSC 2020]$3VANC019764$2MF 610 $aCompact level spaces$9KW:K 610 $aElliptic functions$9KW:K 610 $aIntegrable functions$9KW:K 610 $aModular functions$9KW:K 610 $aSpaces$9KW:K 610 $aSpectral Theory$9KW:K 610 $aZeta functions$9KW:K 620 $aCH$dCham$3VANL001889 700 1$aGodement$bRoger J.$3VANV036577$01897833 702 1$aRay$bUrmie$3VANV080086$4730 712 $aSpringer $3VANV108073$4650 790 1$aGodement, R.$zGodement, Roger J.$3VANV258713 790 1$aGodement, Roger Joseph$zGodement, Roger J.$3VANV258716 790 1$aGodement, Roger$zGodement, Roger J.$3VANV258717 790 1$aGodement, R. J.$zGodement, Roger J.$3VANV258719 801 $aIT$bSOL$c20260320$gRICA 856 4 $uhttp://dx.doi.org/10.1007/978-3-319-16907-1$zE-book ? Accesso al full-text attraverso riconoscimento IP di Ateneo, proxy e/o Shibboleth 899 $aBIBLIOTECA DEL DIPARTIMENTO DI MATEMATICA E FISICA$1IT-CE0120$2VAN08 912 $fN 912 $aVAN00113463 950 $aBIBLIOTECA DEL DIPARTIMENTO DI MATEMATICA E FISICA$d08DLOAD e-book 0093 $e08eMF93 20180110 996 $aAnalyse mathematique IV$94553408 997 $aUNICAMPANIA